| 000 | 00591nam a22002177a 4500 | ||
|---|---|---|---|
| 999 |
_c458739 _d458739 |
||
| 001 | 5150503 | ||
| 003 | UA-OsUOA | ||
| 005 | 20200407101139.0 | ||
| 008 | 200407b un ||||| |||| 00| 0 ukr d | ||
| 040 |
_aUA-OsUOA _bukr _cUA-OsUOA _dUA-OsUOA |
||
| 041 | _aukr | ||
| 080 | _a821.161.1 | ||
| 090 |
_a821.161.1 _bС20 |
||
| 100 | _aСартаков С | ||
| 245 |
_aХребты Саянские _bроман _cСергей Сартаков |
||
| 260 |
_aМосква _bСоветский писатель _c1956 |
||
| 300 | _a500 с. | ||
| 650 | _2821 | ||
| 942 |
_2udc _cBK |
||
| 955 | _a3 | ||